[Event "POL-ChT3"]
[Site "Lazy POL"]
[Date "2012.09.03"]
[Round "3"]
[White "Krasiewicz, Robert"]
[Black "Gumula, Daniel"]
[Result "0-1"]
[WhiteElo "2033"]
[BlackElo "2273"]
[EventDate "2012.09.01"]
[PlyCount "112"]

1.d4 g6 2.Nf3 Bg7 3.g3 d6 4.Bg2 Nf6 5.c4 O-O 6.O-O c6 7.Nc3 Qa5 8.h3 Qa6 
9.b3 b5 10.Nd2 Bb7 11.Bb2 Nbd7 12.e4 e5 13.Ne2 Rfe8 14.Qc2 exd4 15.Nxd4 
Qb6 16.Rfe1 a6 17.Re3 Re7 18.Rae1 Rae8 19.b4 c5 20.bxc5 Nxc5 21.N4b3 Nfd7 
22.Bxg7 Kxg7 23.cxb5 axb5 24.Kh2 Kg8 25.Qc3 Ra8 26.Nc1 Na4 27.Qb4 Qc5 28.
a3 Qxb4 29.axb4 Ndb6 30.Bf1 d5 31.Bxb5 d4 32.Rd3 Nc3 33.Bc4 Rd8 34.Ncb3 
Nxc4 35.Nxc4 Ba6 36.Nba5 Rc7 37.Rc1 Rdc8 38.Rxd4 Ne2 39.Rd6 Bxc4 40.Rxc4 
Rxc4 41.Nxc4 Rxc4 42.Rd2 Rxe4 43.b5 Nc3 44.Rb2 Na4 45.Rb3 Nb6 46.Kg2 Kf8 
47.Kf3 Re5 48.Kf4 f6 49.g4 Ke7 50.h4 Kd6 51.g5 Nd5+ 52.Kg4 f5+ 53.Kg3 Kc5 
54.h5 Re4 55.hxg6 Rg4+ 56.Kh2 hxg6 0-1

[Event "POL-ChT3"]
[Site "Lazy POL"]
[Date "2012.09.03"]
[Round "3"]
[White "Tokarski, Lukasz"]
[Black "Maciaga, Marcin"]
[Result "1-0"]
[WhiteElo "2278"]
[BlackElo "2197"]
[EventDate "2012.09.01"]

1.e4 c5 2.Nf3 d6 3.d4 cxd4 4.Nxd4 Nf6 5.Nc3 a6 6.Bg5 Nbd7 7.f4 Qc7 8.Qf3 
h6 9.Bh4 g5 10.fxg5 hxg5 11.Bxg5 Qc5 12.Nf5 e6 13.Bxf6 Nxf6 14.Nxd6+ Bxd6 
15.Qxf6 Bg3+ 16.Kd2 Be5 17.Qf3 b5 18.Bd3 Bb7 19.Raf1 f5 20.Qe3 Bxc3+ 21.
bxc3 Qxe3+ 22.Kxe3 Rc8 23.Rf4 fxe4 24.Bxe4 Rxc3+ 25.Bd3 Bxg2 26.Rg1 Bd5 
27.Kd4 Rc7 28.h4 Ke7 29.a3 Kd6 30.Rg5 Bc4 31.h5 a5 32.Rf6 Ke7 33.Rfg6 Rd8+
34.Ke4 Bxd3+ 35.cxd3 Rc1 36.Rg7+ Kd6 37.Rxb5 Re1+ 38.Kf4 e5+ 39.Kf5 Kc6 
40.Rxa5 Rxd3 41.Rg6+ Kb7 42.h6 Rf3+ 43.Ke6 e4 44.Rh5 Rc1 45.Rg7+ Kb6 46.
Rh2 Rc8 47.h7 Rff8 48.Rf7 Rh8 49.Kf6 Rce8 50.Kg7 e3 51.Re2 Kc5 52.Rf3 Kd4 
53.a4 Ra8 54.Rfxe3 Rhc8 55.Re7 Kd3 56.R2e4 Rd8 57.R4e6 Kc2 58.Re8 Rxe8 59.
Rxe8 1-0

[Event "POL-ChT3"]
[Site "Lazy POL"]
[Date "2012.09.03"]
[Round "3"]
[White "Sliwinski, Marcin"]
[Black "Kolosowski, Pawel"]
[Result "1/2-1/2"]
[WhiteElo "2108"]
[BlackElo "2280"]
[EventDate "2012.09.01"]

1.e4 e5 2.Nc3 Nc6 3.Bc4 Nf6 4.d3 Bc5 5.Nge2 Na5 6.O-O Nxc4 7.dxc4 h6 8.Qd3
d6 9.Na4 Bb6 10.b3 Bd7 11.Nxb6 axb6 12.Bb2 g5 13.a4 Nh5 14.f4 gxf4 15.Nxf4
Nxf4 16.Rxf4 Be6 17.Raf1 Qg5 18.R4f3 O-O-O 19.Bc1 Qh5 20.Bd2 Rdg8 21.Rg3 
Rg6 22.Rxg6 Qxg6 23.a5 Rg8 24.Rf2 bxa5 25.Bxa5 b6 26.Bc3 Qg5 27.b4 Qc1+ 
28.Rf1 Qg5 29.Rf2 Qc1+ 30.Rf1 Qg5 31.Rf2 1/2-1/2

[Event "POL-ChT3"]
[Site "Lazy POL"]
[Date "2012.09.03"]
[Round "3"]
[White "Siedlinski, Piotr"]
[Black "Moskwinski, Tadeusz"]
[Result "1-0"]
[WhiteElo "2092"]
[BlackElo "2078"]
[EventDate "2012.09.01"]

1.e4 c5 2.Nf3 e6 3.d4 cxd4 4.Nxd4 a6 5.Bd3 Nf6 6.c4 d6 7.Nc3 Be7 8.O-O O-O
9.Be3 Qc7 10.Rc1 b6 11.Qe2 Bb7 12.Rfd1 Nbd7 13.f3 Rac8 14.b3 Qb8 15.Qf2 
Rfe8 16.Nde2 Bd8 17.Bb1 Ba8 18.Qg3 Ne5 19.Nd4 Bc7 20.Qh3 Ned7 21.g4 Nf8 
22.g5 N6d7 23.Qg2 d5 24.cxd5 exd5 25.Nf5 dxe4 26.Nxe4 Bf4 27.Bxf4 Qxf4 28.
Rxc8 1-0

[Event "POL-ChT3"]
[Site "Lazy POL"]
[Date "2012.09.03"]
[Round "3"]
[White "Andrzejewska, Anna"]
[Black "Guzik, Jolanta"]
[Result "0-1"]
[WhiteElo "1990"]
[BlackElo "2139"]
[EventDate "2012.09.01"]

1.e4 d5 2.exd5 Qxd5 3.Nc3 Qa5 4.d4 Nf6 5.Bc4 c6 6.Nf3 Bf5 7.Bd2 e6 8.Qe2 
Bb4 9.O-O-O O-O 10.Ne5 Nbd7 11.g4 Nxe5 12.dxe5 Nxg4 13.f4 Qb6 14.h3 Nh6 
15.Rdg1 Rfd8 16.Qg2 g6 17.Qg5 Qd4 18.Bd3 Bxd3 19.cxd3 Qxd3 20.Qxh6 Qxd2+ 
21.Kb1 Bxc3 22.bxc3 Rd5 23.c4 Qb4+ 0-1

[Event "POL-ChT3"]
[Site "Lazy POL"]
[Date "2012.09.03"]
[Round "3"]
[White "Licznerski, Lukasz"]
[Black "Rawicz, Karol"]
[Result "0-1"]
[WhiteElo "2306"]
[BlackElo "2250"]
[EventDate "2012.09.01"]

1.e4 e5 2.Nf3 Nc6 3.Bb5 a6 4.Ba4 Nf6 5.O-O Be7 6.d4 exd4 7.e5 Ne4 8.Nxd4 
Nxd4 9.Qxd4 Nc5 10.Qg4 Nxa4 11.Qxg7 Rf8 12.Bh6 d5 13.Qxh7 Qd7 14.b3 Nb6 
15.Bxf8 Bxf8 16.Nd2 Qf5 17.Qh4 Be6 18.Nf3 Be7 19.Qg3 c5 20.b4 O-O-O 21.
bxc5 Bxc5 22.c3 Nc4 23.Nd4 Qh7 24.Rfd1 Rg8 25.Qf4 Rg4 26.Qf6 Rg6 27.Qf4 
Qg7 28.g3 Nxe5 29.Rf1 Rg4 30.Qe3 Nc4 31.Nxe6 Nxe3 32.Nxg7 Nxf1 33.Kxf1 
Rxg7 34.Rd1 Rg5 35.f4 Rf5 36.Kg2 Kc7 37.Kf3 Kc6 38.g4 Rf6 39.g5 Re6 40.Kg4
Re2 41.h4 Rg2+ 42.Kf5 Rh2 43.Kg4 Rxa2 44.h5 Rg2+ 45.Kf5 Rh2 46.Kg4 Bd6 47.
h6 Rf2 48.Rd4 b5 49.Kf5 a5 50.h7 Rh2 51.g6 fxg6+ 52.Kxg6 b4 53.Rd2 Rh4 54.
cxb4 axb4 55.f5 Kc5 56.f6 b3 57.Re2 Kc4 58.Kg7 Kd3 59.Re6 b2 60.Re1 Be5 
61.Rxe5 b1=Q 62.h8=Q 0-1

[Event "POL-ChT3"]
[Site "Lazy POL"]
[Date "2012.09.03"]
[Round "3"]
[White "Muc, Marcin"]
[Black "Gralka, Julian"]
[Result "1/2-1/2"]
[WhiteElo "2165"]
[BlackElo "2231"]
[EventDate "2012.09.01"]

1.d4 Nf6 2.c4 e6 3.g3 d5 4.Bg2 Be7 5.Nf3 O-O 6.O-O Nbd7 7.Nfd2 c5 8.cxd5 
exd5 9.dxc5 Nxc5 10.Nb3 Nce4 11.Be3 Be6 12.Bd4 Rc8 13.N1d2 a6 14.Rc1 Qd7 
15.Nf3 Rxc1 16.Nxc1 Rc8 17.Nd3 Qc7 18.Qb1 Qc2 19.Qxc2 Rxc2 20.Rc1 Rxc1+ 
21.Nxc1 Nd7 22.Nd3 Bd6 23.Nfe5 f6 24.Nxd7 Bxd7 25.Kf1 Kf7 26.Ke1 Bc6 27.
Kd1 Ke7 28.Kc2 Kd7 29.Bh3+ Ke7 30.Bg2 Kd8 1/2-1/2

[Event "POL-ChT3"]
[Site "Lazy POL"]
[Date "2012.09.03"]
[Round "3"]
[White "Wozniak, Marcin"]
[Black "Fistek, Dariusz"]
[Result "1/2-1/2"]
[WhiteElo "2215"]
[BlackElo "2242"]
[EventDate "2012.09.01"]

1.c4 Nf6 2.g3 g6 3.Bg2 Bg7 4.Nc3 O-O 5.e3 d6 6.Nge2 e5 7.O-O c6 8.d4 Nbd7 
9.b3 Re8 10.Ba3 Bf8 11.Qc2 Qa5 12.Bb2 Bg7 13.Rad1 Nf8 14.a3 Bg4 15.b4 Qc7 
16.h3 Bxe2 17.Nxe2 a5 18.dxe5 dxe5 19.Nc3 axb4 20.axb4 Ne6 21.Na4 Nd7 22.
c5 Red8 23.Rd6 Bf8 24.Rd2 Bg7 25.Rfd1 Ndf8 26.Rd6 Rxd6 27.cxd6 Qd8 28.Qb3 
Nd7 29.Bc3 b5 30.Nb2 Ra6 31.Kh2 Qb8 32.Nd3 h6 33.Rd2 c5 34.bxc5 Nexc5 35.
Nxc5 Nxc5 36.Qd5 Nd7 37.Qb7 Qxb7 38.Bxb7 Ra3 39.Bb2 Ra7 40.Bc6 b4 41.Rc2 
Bf8 42.Bb5 Rb7 43.Ba4 Ra7 44.Rc7 Rxa4 45.Rxd7 f6 46.Rd8 Ra6 47.d7 Rd6 48.
f4 Kf7 49.fxe5 fxe5 50.Bxe5 Rd2+ 51.Kh1 Be7 52.Rh8 Rxd7 53.Kg2 Rd1 1/2-1/2

[Event "POL-ChT3"]
[Site "Lazy POL"]
[Date "2012.09.03"]
[Round "3"]
[White "Lusio, Daniel"]
[Black "Bokiej, Przemyslaw"]
[Result "1-0"]
[WhiteElo "1861"]
[BlackElo "2189"]
[EventDate "2012.09.01"]

1.e4 e6 2.d4 d5 3.exd5 exd5 4.Bd3 c5 5.dxc5 Bxc5 6.Ne2 Nf6 7.O-O O-O 8.c3 
Bg4 9.Qc2 Nc6 10.Bg5 h6 11.Bh4 Re8 12.h3 Bxe2 13.Bxe2 g5 14.Bg3 Ne4 15.Bh2
Qb6 16.Bd3 Rac8 17.Bxe4 dxe4 18.Nd2 Bxf2+ 19.Kh1 e3 20.Nc4 Qa6 21.b3 e2 
22.Qf5 Qxa2 23.Nd6 Qxb3 24.c4 Rf8 25.Rxf2 Qc3 26.Qb1 Nd4 27.Nxc8 Rxc8 28.
Be5 Qxa1 29.Qxa1 Nc2 30.Rxe2 Nxa1 31.Bxa1 Rxc4 32.Kh2 Kf8 33.Bf6 Rc6 34.
Bd4 a6 35.Kg3 b5 36.Kf3 a5 37.Ke4 Rc4 38.Ke5 Rc8 39.Rb2 Rb8 40.Kd6 b4 41.
Kc7 Rb5 42.Kc6 Rf5 43.Bc5+ Kg7 44.Ra2 Rf1 45.Rxa5 Rc1 46.Ra2 b3 47.Rb2 Rc2
48.Kd5 Rxb2 49.Bd4+ Kg6 50.Bxb2 Kf5 51.Bc1 f6 52.g4+ Kg6 53.Ke6 h5 54.Bb2 
hxg4 55.hxg4 1-0

[Event "POL-ChT3"]
[Site "Lazy POL"]
[Date "2012.09.03"]
[Round "3"]
[White "Gralka, Przemyslaw"]
[Black "Wozny, Tomasz"]
[Result "1-0"]
[WhiteElo "2289"]
[BlackElo "1783"]
[EventDate "2012.09.01"]

1.e4 d5 2.exd5 Qxd5 3.Nc3 Qa5 4.d4 Bf5 5.Nf3 Nd7 6.Bc4 e6 7.O-O Ngf6 8.Bd2
O-O-O 9.Nd5 Qa4 10.Ne3 Bg6 11.b3 Qc6 12.a4 Nd5 13.Ra2 h6 14.Bb5 Nxe3 15.
fxe3 Qe4 16.Bxd7+ Rxd7 17.Ne5 Rxd4 18.Nxg6 Rxd2 19.Qxd2 Bc5 20.Nxh8 Bxe3+ 
21.Qxe3 Qxe3+ 22.Kh1 Qe2 23.Raa1 f6 24.Rae1 Qxc2 25.Rxe6 Qxb3 26.Re7 Qxa4 
27.Rxg7 Qc4 28.Re1 b5 29.Nf7 Qb4 30.Rg8+ Kd7 31.Rd1+ Kc6 32.Nxh6 Qf4 33.
Rg6 Kb7 34.h3 a5 35.Ng4 f5 36.Nf6 Qa4 37.Rf1 Qc4 38.Rxf5 Qd3 39.Rgg5 Qd1+ 
40.Kh2 Qd6+ 41.Rg3 c6 42.Ne4 Qd7 43.Rf7 1-0

[Event "POL-ChT3"]
[Site "Lazy POL"]
[Date "2012.09.03"]
[Round "3"]
[White "Sygulska, Anna"]
[Black "Wesolowska, Edyta"]
[Result "0-1"]
[WhiteElo "1898"]
[BlackElo "1951"]
[EventDate "2012.09.01"]

1.c4 e6 2.Nc3 d5 3.cxd5 exd5 4.Nf3 Nf6 5.g3 Be7 6.Bg2 O-O 7.d4 c6 8.O-O 
Nbd7 9.a3 a5 10.Rb1 Re8 11.Qc2 Bd6 12.Re1 Nb6 13.b4 Nc4 14.Nd2 Nxd2 15.
Bxd2 Ng4 16.Qc1 Qf6 17.Nd1 axb4 18.Bxb4 Bf5 19.Rb3 Bb8 20.Bc5 b5 21.Qd2 
Ra4 22.Rf1 Rc4 23.Rb2 h5 24.h3 Nh6 25.Ne3 Ra4 26.Nxf5 Nxf5 27.e3 h4 28.g4 
Nd6 29.Qc2 Rc4 30.Qe2 Ne4 31.Bb4 Qd8 32.Bxe4 dxe4 33.f4 exf3 34.Qxf3 Qc7 
35.Rbf2 Qg3+ 36.Kh1 f6 37.Rg1 Qxf3+ 38.Rxf3 Bg3 39.Rg2 Re6 40.Rg1 Rc2 41.
Rg2 Rc4 42.Rg1 g5 43.Rg2 Kf7 44.Rb2 Ke8 45.Kg2 Kd7 46.Ra2 Rc1 47.Re2 Rd1 
48.Bc5 Bd6 49.Bxd6 Kxd6 50.Ra2 Rd3 51.Kf2 Kd5 52.a4 b4 53.a5 b3 54.Ra4 
Rd2+ 55.Ke1 Ra2 56.Rb4 b2 57.Kd1 Ke4 58.Rf5 Kd3 59.Rb3+ Kc4 60.Rb6 Rxe3 
0-1

[Event "POL-ChT3"]
[Site "Lazy POL"]
[Date "2012.09.03"]
[Round "3"]
[White "Sopur, Lech"]
[Black "Bielinski, Dariusz"]
[Result "1-0"]
[WhiteElo "2423"]
[BlackElo "2215"]
[EventDate "2012.09.01"]

1.d4 d6 2.Bg5 h6 3.Bh4 c5 4.dxc5 Qa5+ 5.Nd2 Qxc5 6.e4 g6 7.Ngf3 Bg7 8.c3 
Nf6 9.Bd3 O-O 10.O-O g5 11.Bg3 Nh5 12.Nc4 Nxg3 13.hxg3 Nd7 14.Ne3 e6 15.
Bc2 b6 16.Qe2 Bb7 17.Rad1 Nf6 18.Nd2 d5 19.e5 Ne4 20.Ng4 Nxg3 21.Qd3 Ne4 
22.Qh3 Rfd8 23.Nxh6+ Kf8 24.Qh5 Qe7 25.Nf3 f6 26.exf6 Bxf6 27.Ng4 Qf7 28.
Nxf6 Qxf6 29.Bxe4 dxe4 30.Nxg5 1-0

[Event "POL-ChT3"]
[Site "Lazy POL"]
[Date "2012.09.03"]
[Round "3"]
[White "Sroka, Janusz"]
[Black "Rawski, Slawomir"]
[Result "1/2-1/2"]
[WhiteElo "2109"]
[BlackElo "2185"]
[EventDate "2012.09.01"]

1.e4 e6 2.d4 d5 3.e5 b6 4.c3 Qd7 5.Nf3 c5 6.Be2 Ba6 7.O-O Bxe2 8.Qxe2 Nc6 
9.Be3 cxd4 10.cxd4 Nge7 11.Nc3 Nf5 12.Rac1 Bb4 13.Nb1 Be7 14.a3 O-O 15.Rc3
Rfc8 16.Rfc1 Rc7 17.g4 Nxe3 18.fxe3 Rac8 19.Qc2 Bd8 20.Qd3 Na5 21.e4 Rxc3 
22.Rxc3 g6 23.g5 Rc4 24.b4 Rxc3 25.Nxc3 Nc4 26.a4 Be7 27.b5 Bb4 28.Na2 Ba5
29.Kf2 a6 30.exd5 exd5 31.bxa6 Qxa4 32.a7 Qxa2+ 33.Qe2 Bd2 34.Nxd2 Nxd2 
35.a8=Q+ Qxa8 36.Qxd2 1/2-1/2

[Event "POL-ChT3"]
[Site "Lazy POL"]
[Date "2012.09.03"]
[Round "3"]
[White "Walkusz, Witoslaw"]
[Black "Kielbratowski, Aleksander"]
[Result "1-0"]
[WhiteElo "2126"]
[BlackElo "2096"]
[EventDate "2012.09.01"]

1.e4 e5 2.Nf3 Nc6 3.Bb5 a6 4.Bxc6 dxc6 5.O-O Qf6 6.d4 exd4 7.Bg5 Qd6 8.e5 
Qd5 9.Nxd4 c5 10.Nb5 Qd7 11.Qxd7+ Kxd7 12.Rd1+ Kc6 13.Rd8 f6 14.Na7+ Rxa7 
15.Rxf8 Be6 16.exf6 h6 17.fxg7 Rh7 18.Bf6 Ra8 19.Rxa8 Nxf6 20.Rh8 Rxg7 21.
Rxh6 1-0

[Event "POL-ChT3"]
[Site "Lazy POL"]
[Date "2012.09.03"]
[Round "3"]
[White "Kielek, Andrzej"]
[Black "Kanarkiewicz, Michal"]
[Result "0-1"]
[WhiteElo "1972"]
[BlackElo "2096"]
[EventDate "2012.09.01"]

1.e4 c5 2.Nf3 d6 3.d4 cxd4 4.Nxd4 Nf6 5.Nc3 a6 6.g3 e5 7.Nde2 b5 8.a3 Be7 
9.Bg2 Nbd7 10.O-O Nb6 11.h3 Bb7 12.Kh2 d5 13.exd5 Nfxd5 14.Nxd5 Bxd5 15.
Bxd5 Qxd5 16.Nc3 Qe6 17.a4 b4 18.Ne4 O-O 19.Qe2 a5 20.Be3 Qc6 21.Bxb6 Qxb6
22.c4 f5 23.Nd2 e4 24.b3 Rad8 25.c5 Bxc5 26.Nc4 Qa6 27.Rad1 Bb6 28.Rxd8 
Bxd8 29.Rd1 Bc7 30.Rd7 Qc6 31.Qd1 f4 32.Qd5+ Qxd5 33.Rxd5 e3 34.fxe3 fxe3 
35.Nxe3 Rf3 36.Nf5 g6 37.Nh6+ Kf8 38.Rd7 Bxg3+ 39.Kg2 Rxb3 40.Rf7+ Ke8 41.
Ra7 Bf4 42.Ng4 Rg3+ 43.Kf2 Rxh3 44.Nf6+ Kd8 45.Rxa5 b3 46.Rb5 b2 47.Kg2 
Rh2+ 48.Kf3 Bc1 49.Ne4 Rh4 50.Nc5 Rh3+ 51.Ke4 Ra3 52.Kd5 Ra1 53.Rb8+ Ke7 
54.Rb7+ Ke8 55.Ke6 b1=Q 56.Re7+ Kd8 57.Nb7+ Kc8 58.Nd6+ Kb8 59.Re8+ Ka7 
60.Nb5+ Kb6 0-1

[Event "POL-ChT3"]
[Site "Lazy POL"]
[Date "2012.09.03"]
[Round "3"]
[White "Zdrojewski, Wojciech"]
[Black "Kielbratowski, Maciej"]
[Result "1-0"]
[WhiteElo "2166"]
[BlackElo "1850"]
[EventDate "2012.09.01"]

1.d4 Nf6 2.Nf3 g6 3.Bg5 Bg7 4.Nbd2 O-O 5.e4 d6 6.c3 h6 7.Bh4 Bg4 8.Qc2 
Nbd7 9.Bc4 c5 10.e5 dxe5 11.dxe5 Nh5 12.Qxg6 Bxf3 13.Nxf3 Nf4 14.Qg4 Ne6 
15.Bxe6 fxe6 16.Qxe6+ Kh8 17.Rd1 Qb6 18.Qxd7 Rad8 19.Qa4 Rxd1+ 20.Qxd1 
Qxb2 21.O-O 1-0

[Event "POL-ChT3"]
[Site "Lazy POL"]
[Date "2012.09.03"]
[Round "3"]
[White "Dziopa, Malgorzata"]
[Black "Maszota, Natalia"]
[Result "0-1"]
[WhiteElo "1792"]
[BlackElo "2116"]
[EventDate "2012.09.01"]

1.d4 c5 2.dxc5 e5 3.c4 Bxc5 4.Nc3 Nf6 5.Nf3 Nc6 6.e3 O-O 7.Be2 d6 8.O-O e4
9.Nd4 Re8 10.b3 a6 11.Bb2 Ba7 12.Qd2 Ng4 13.h3 Nxd4 14.exd4 e3 15.fxe3 
Nxe3 16.Rf3 Qh4 17.Nd1 Nf5 18.Rf4 Qe7 19.Bd3 Ng3 20.Qf2 Nh5 21.Re4 Be6 22.
Nc3 Qg5 23.Kh2 d5 24.Re3 Bxd4 25.Nxd5 Bxe3 26.Nxe3 Rad8 27.Rd1 Nf4 28.Bc2 
Rxd1 29.Nxd1 Nd3 0-1

[Event "POL-ChT3"]
[Site "Lazy POL"]
[Date "2012.09.03"]
[Round "3"]
[White "Janczarski, Michal"]
[Black "Jasnikowski, Zbigniew"]
[Result "1/2-1/2"]
[WhiteElo "2306"]
[BlackElo "2367"]
[EventDate "2012.09.01"]

1.d4 Nf6 2.c4 g6 3.Nc3 d5 4.Bf4 Bg7 5.Nf3 O-O 6.Rc1 c5 7.dxc5 dxc4 8.Qxd8 
Rxd8 9.e4 Nbd7 10.Rd1 Rf8 11.Bxc4 Nxc5 12.e5 Nh5 13.Be3 Be6 14.Bxc5 Bxc4 
15.Rd4 Ba6 16.Nd5 f6 17.e6 f5 18.Nxe7+ Kh8 19.Rd2 Nf4 20.Ng5 h6 21.g3 hxg5
22.gxf4 Rf6 23.Rd6 Bc4 24.fxg5 Rxe6+ 25.Rxe6 Bxe6 26.Nxg6+ {zapis 
nieczytelny} 1/2-1/2

[Event "POL-ChT3"]
[Site "Lazy POL"]
[Date "2012.09.03"]
[Round "3"]
[White "Borkowski, Franciszek"]
[Black "Chomczyk, Marek"]
[Result "1-0"]
[WhiteElo "2318"]
[BlackElo "1876"]
[EventDate "2012.09.01"]

1.e4 e5 2.Nf3 Nc6 3.Bb5 a6 4.Bxc6 dxc6 5.O-O Ne7 6.d4 exd4 7.Nxd4 c5 8.Nb3
Qxd1 9.Rxd1 b6 10.Bf4 Bb7 11.Bxc7 Bxe4 12.Bxb6 Bxc2 13.Rc1 Bxb3 14.axb3 
Ng6 15.Nd2 Be7 16.Bxc5 O-O 17.Bxe7 Nxe7 18.g3 g6 19.Rc5 Rfc8 20.Rxc8+ Nxc8
21.Nc4 Ne7 22.Kf1 Nc6 23.Ra4 f5 24.h4 Kf7 25.Ke1 Ra7 26.Kd2 Ke6 27.Kc3 Ne5
28.f4 Nc6 29.Ne3 Ne7 30.Nc4 Nd5+ 31.Kd4 Nf6 32.b4 Ne4 33.Ne5 Ra8 34.Nc6 
Kd6 35.b5 Nc5 36.Ra3 Re8 37.Ne5 axb5 38.Ra7 Ne6+ 39.Kc3 Nc7 40.Kd3 Ra8 41.
Nf7+ Kd7 42.Rxa8 Nxa8 43.Kd4 Ke7 44.Ng5 h6 45.Nf3 Nb6 46.Ne5 g5 47.hxg5 
hxg5 48.fxg5 Nc8 49.Kd5 Nb6+ 50.Kc6 Na4 51.Nd3 1-0

[Event "POL-ChT3"]
[Site "Lazy POL"]
[Date "2012.09.03"]
[Round "3"]
[White "Powalka, Michal"]
[Black "Tworzydlo, Piotr"]
[Result "0-1"]
[WhiteElo "1767"]
[BlackElo "2104"]
[EventDate "2012.09.01"]

1.e4 c5 2.Nf3 d6 3.d4 cxd4 4.Nxd4 Nf6 5.Nc3 a6 6.Bg5 e6 7.f4 Nbd7 8.Qf3 
Qc7 9.O-O-O Be7 10.g4 b5 11.Bxf6 Nxf6 12.g5 Nd7 13.f5 Ne5 14.Qg3 b4 15.
Nce2 h6 16.g6 fxg6 17.fxe6 O-O 18.Kb1 Bb7 19.Bg2 Rac8 20.Nf4 Bf6 21.Nd5 
Bxd5 22.exd5 a5 23.Nc6 g5 24.Be4 a4 25.Qh3 a3 26.e7 Rf7 27.Qe6 Re8 28.Nxe5
Bxe5 29.Bg6 Rxe7 30.Bxf7+ Rxf7 31.Rdf1 Bf6 32.Rhg1 Kh8 33.Qe8+ Kh7 34.Qe4+
Kg8 35.Qe6 Kh8 36.Qe8+ Kh7 37.Qe4+ Kh8 38.Re1 Bxb2 39.h4 Be5 40.Qd3 gxh4 
41.Rgf1 Kg8 42.Rxf7 Qxf7 43.Qc4 Qf4 44.Qc8+ Kh7 45.Rg1 Bf6 46.Qe8 Qe5 47.
Qg6+ Kg8 48.Kc1 h3 0-1

[Event "POL-ChT3"]
[Site "Lazy POL"]
[Date "2012.09.03"]
[Round "3"]
[White "Kolasinski, Krzysztof"]
[Black "Kowalec, Maciej"]
[Result "1-0"]
[WhiteElo "1978"]
[BlackElo "1697"]
[EventDate "2012.09.01"]

1.Nf3 d5 2.c4 c6 3.g3 Nf6 4.Bg2 Bg4 5.O-O e6 6.b3 Nbd7 7.Bb2 Be7 8.d3 O-O 
9.Nbd2 Qc7 10.Rc1 Rfe8 11.Qc2 a5 12.a3 Bf8 13.Rfe1 Rad8 14.Qb1 Qb8 15.cxd5
exd5 16.e3 Bd6 17.Qa1 Ne5 18.Nxe5 Bxe5 19.Bxe5 Qxe5 20.Qxe5 Rxe5 21.b4 a4 
22.Rc5 Bf5 23.d4 Ree8 24.Rec1 Nd7 25.Ra5 Ra8 26.Rxa8 Rxa8 27.Bf1 Rc8 28.f3
Nb8 29.e4 Be6 30.Kf2 Kf8 31.Bd3 Ke7 32.Ke3 h6 33.h4 Kd7 34.f4 f6 35.f5 Bg8
36.e5 Re8 37.e6+ Kd6 38.h5 b5 39.Kf4 Na6 40.Nf3 Re7 41.Ne5 Nb8 42.Nf3 Na6 
43.Ne5 Nb8 44.Ng6 Re8 45.Kg4 Bh7 46.Nf4 Na6 47.Bf1 Re7 48.Nd3 Bg8 49.Rc3 
Bh7 50.Kf4 Bg8 51.Ne5 Nb8 52.Ng6 Re8 53.Kg4 Bh7 54.Nf4 Re7 55.Bxb5 cxb5 
56.Rc5 Rb7 57.Rxd5+ Ke7 58.Rc5 Na6 59.Rc6 Nc7 60.d5 Ne8 61.d6+ Kd8 62.Nd5 
Nxd6 63.Rxd6+ Ke8 64.Ra6 Rb8 65.Ra8 Rxa8 66.Nc7+ Ke7 67.Nxa8 Kd6 68.Kf4 
Bg8 69.Nb6 Kc7 70.Nd5+ Kd6 71.Nc3 1-0

[Event "POL-ChT3"]
[Site "Lazy POL"]
[Date "2012.09.03"]
[Round "3"]
[White "Kowalski, Igor"]
[Black "Swierczewski, Marek"]
[Result "1/2-1/2"]
[WhiteElo "1770"]
[BlackElo "2135"]
[EventDate "2012.09.01"]
[PlyCount "101"]

1.e4 c5 2.Nf3 e6 3.b3 Nc6 4.Bb2 d6 5.Bd3 Nf6 6.e5 dxe5 7.Nxe5 Nxe5 8.Bxe5 
Bd7 9.O-O Bc6 10.Nc3 a6 11.Re1 Be7 12.Re3 O-O 13.Bxf6 Bxf6 14.Bxh7+ Kxh7 
15.Qh5+ Kg8 16.Rh3 Bh4 17.Rxh4 f5 18.Rd1 Qf6 19.Rh3 Rad8 20.Qh4 Qd4 21.
Qh7+ Kf7 22.Qh5+ Kg8 23.Qe2 Rde8 24.Re1 Rf6 25.Rd3 Qh4 26.Rh3 Qxh3 27.gxh3
Rg6+ 28.Kf1 Bg2+ 29.Kg1 Bxh3+ 30.Kh1 Bg2+ 31.Kg1 Bf3+ 32.Kf1 Bxe2+ 33.Rxe2
Rd8 34.Na4 Rd6 35.Nxc5 Rc6 36.d4 b5 37.b4 Rh6 38.Kg2 Kf7 39.c3 g5 40.Re5 
Kf6 41.Nd7+ Ke7 42.Nc5 Kd6 43.f3 Rc7 44.a3 Rch7 45.h3 Ra7 46.Nb3 Rah7 47.
Nc5 Ra7 48.Nb3 Rh8 49.Kg3 Rah7 50.Nc5 Re8 51.Kg2 {zapis nieczytelny} 
1/2-1/2

[Event "POL-ChT3"]
[Site "Lazy POL"]
[Date "2012.09.03"]
[Round "3"]
[White "Barburzynska, Magdalena"]
[Black "Gluszko, Monika"]
[Result "1-0"]
[WhiteElo "1913"]
[BlackElo "1990"]
[EventDate "2012.09.01"]

1.e4 c5 2.Nf3 Nc6 3.d4 cxd4 4.Nxd4 e5 5.Nb5 d6 6.c4 Be7 7.N1c3 a6 8.Na3 
Nf6 9.Be2 Nd4 10.O-O Nxe2+ 11.Qxe2 Bg4 12.f3 Be6 13.Be3 O-O 14.Rfd1 Nd7 
15.Rac1 f5 16.exf5 Bxf5 17.Nd5 Bg5 18.Qd2 Bh4 19.Qb4 Rc8 20.Qxb7 Rb8 21.
Qxa6 Rxb2 22.Qxd6 Rxa2 23.Nb5 Qe8 24.Nbc3 Rb2 25.Na4 Ra2 26.Nc5 Qh5 27.Rd2
Rxd2 28.Bxd2 Nxc5 29.Qxc5 e4 30.fxe4 Qe2 31.Qe3 Qxe3+ 32.Bxe3 Bxe4 33.Nc3 
Bd3 34.c5 Bf6 35.h3 Re8 36.Bf2 Kf7 37.Nd5 Bg5 38.Rc3 Be4 39.Nb6 Re6 40.Nc4
Bf4 41.Bg3 Bxg3 42.Rxg3 Bc6 43.Kf2 Kf6 44.Rc3 Bd5 45.g3 Bxc4 46.Rxc4 Rc6 
47.Ke3 Ke5 48.Rg4 g6 49.Rg5+ Kf6 50.Rd5 Ke6 51.Ke4 Ra6 52.Re5+ Kd7 53.Kd5 
Rf6 54.g4 h6 55.h4 Rf4 56.Re4 Rf6 57.Ra4 Rf1 58.Ra7+ Kd8 59.Rg7 Rd1+ 60.
Kc6 Rh1 61.Rxg6 Rxh4 62.Kd6 Kc8 63.Rg8+ Kb7 64.c6+ 1-0

[Event "POL-ChT3"]
[Site "Lazy POL"]
[Date "2012.09.03"]
[Round "3"]
[White "Matuszewski, Michal"]
[Black "Borgula, Rafal"]
[Result "1-0"]
[WhiteElo "2368"]
[BlackElo "2306"]
[EventDate "2012.09.01"]

1.d4 d5 2.c4 e6 3.Nc3 Nf6 4.Bg5 Be7 5.cxd5 exd5 6.e3 O-O 7.Bd3 Nbd7 8.Nge2
c5 9.O-O cxd4 10.Nxd4 Nc5 11.Nf5 Bxf5 12.Bxf5 Qb6 13.Bxf6 Bxf6 14.Nxd5 
Qxb2 15.Rb1 Qe5 16.Bxh7+ Kxh7 17.Qc2+ Ne4 18.Nxf6+ gxf6 19.f3 b6 20.Rb4 f5
21.fxe4 Rac8 22.Qf2 Rfe8 23.Qh4+ Kg8 24.Rd4 fxe4 25.Rd7 Rc7 26.Qg4+ Kh8 
27.Rdxf7 Rxf7 28.Rxf7 Qa1+ 29.Rf1 Qe5 30.Rf5 1-0

[Event "POL-ChT3"]
[Site "Lazy POL"]
[Date "2012.09.03"]
[Round "3"]
[White "Konieczynski, Piotr"]
[Black "Tobolski, Jakub"]
[Result "1/2-1/2"]
[WhiteElo "1933"]
[BlackElo "2089"]
[EventDate "2012.09.01"]
[PlyCount "119"]

1.d4 Nf6 2.c4 g6 3.Nc3 Bg7 4.e4 d6 5.Nf3 O-O 6.h3 e5 7.dxe5 dxe5 8.Qxd8 
Rxd8 9.Bg5 Re8 10.Nd5 Nxd5 11.cxd5 f5 12.Nd2 h6 13.Be3 c6 14.Bc4 Kh7 15.f3
Bd7 16.Nb3 b5 17.dxc6 Bxc6 18.Bd3 fxe4 19.Bxe4 Bxe4 20.fxe4 Nc6 21.O-O Re7
22.Rad1 Rf8 23.Rxf8 Bxf8 24.Bc5 Rf7 25.Bxf8 Rxf8 26.Rd7+ Kg8 27.Rd6 Rc8 
28.Rxg6+ Kh7 29.Rd6 a5 30.a3 a4 31.Nc5 Na5 32.Nd3 Rc4 33.Rd5 Rxe4 34.Rxb5 
Nc4 35.Rb4 Rd4 36.Rxa4 e4 37.Ne1 e3 38.b3 Rd1 39.Rxc4 Rxe1+ 40.Kh2 Rb1 41.
Re4 Rxb3 42.a4 Ra3 43.Kg3 e2+ 44.Kf2 Ra2 45.g4 Kg6 46.h4 Kf6 47.Ke1 Kf7 
48.Rb4 Kg6 49.Rb6+ Kg7 50.Ra6 Kh7 51.h5 Kg7 52.a5 Kh7 53.Ra7+ Kg8 54.Re7 
Rxa5 55.Kxe2 Ra3 56.Re3 Rxe3+ 57.Kxe3 Kf7 58.Kd4 Kf6 59.Ke4 Ke6 60.g5 
1/2-1/2

[Event "POL-ChT3"]
[Site "Lazy POL"]
[Date "2012.09.03"]
[Round "3"]
[White "Matuszczyk, Przemyslaw"]
[Black "Katafiasz, Tomasz"]
[Result "1/2-1/2"]
[WhiteElo "2067"]
[BlackElo "1881"]
[EventDate "2012.09.01"]

1.e4 c5 2.Nf3 Nc6 3.Nc3 Nf6 4.d4 cxd4 5.Nxd4 e5 6.Ndb5 d6 7.Nd5 Nxd5 8.
exd5 Nb8 9.c4 a6 10.Nc3 Be7 11.Bd3 O-O 12.O-O f5 13.f3 Nd7 14.Be3 Bg5 15.
Bf2 Nf6 16.Qc2 g6 17.b4 Bd7 18.c5 Re8 19.Rfe1 a5 20.a3 axb4 21.axb4 Rxa1 
22.Rxa1 e4 23.fxe4 Ng4 24.Bd4 Bf6 25.Bxf6 Qxf6 26.Ra2 Qd4+ 27.Kh1 fxe4 28.
Nxe4 Bf5 29.h3 Bxe4 30.Bxe4 Ne3 31.Qd3 Qxe4 32.Qxe4 Rxe4 33.c6 bxc6 34.
dxc6 Rc4 35.b5 Nd5 36.Rd2 Nc7 37.b6 Rxc6 38.bxc7 Rxc7 39.Rxd6 1/2-1/2

[Event "POL-ChT3"]
[Site "Lazy POL"]
[Date "2012.09.03"]
[Round "3"]
[White "Majdan, Damian"]
[Black "Wolynski, Krzysztof"]
[Result "0-1"]
[WhiteElo "1779"]
[BlackElo "2056"]
[EventDate "2012.09.01"]
[PlyCount "156"]

1.Nf3 d5 2.c4 c6 3.g3 Nf6 4.Bg2 Bf5 5.O-O e6 6.d3 Nbd7 7.Nbd2 Be7 8.b3 O-O
9.Bb2 c5 10.Nh4 Bg6 11.Nxg6 hxg6 12.d4 Rc8 13.e4 dxc4 14.Nxc4 b5 15.Ne3 
Nb6 16.Rc1 cxd4 17.Rxc8 Qxc8 18.Bxd4 Bc5 19.Bxc5 Qxc5 20.Qc2 Qxc2 21.Nxc2 
Rd8 22.Rc1 Rd2 23.h3 Nbd7 24.b4 Ne5 25.Na3 a6 26.Rc2 Rd3 27.Nxb5 axb5 28.
Rc5 Ned7 29.Rxb5 Ra3 30.e5 Nd5 31.Bxd5 exd5 32.Rxd5 Nb6 33.Rd8+ Kh7 34.e6 
fxe6 35.Rd6 Nd5 36.b5 Rxa2 37.Rxe6 Rb2 38.Re1 Rxb5 39.Re2 Kg8 40.Kg2 Rb3 
41.Rd2 Nb6 42.Re2 Kf7 43.Kh2 g5 44.Kg2 Rc3 45.Kh2 Nd7 46.Kg2 Kf6 47.Rd2 
Ne5 48.Rd6+ Kf5 49.Rd2 Rb3 50.g4+ Ke6 51.Re2 Kf6 52.Ra2 Nd3 53.Ra6+ Kf7 
54.Ra7+ Kg6 55.Ra6+ Kh7 56.Ra5 Nf4+ 57.Kg1 Nxh3+ 58.Kg2 Nf4+ 59.Kh2 Rh3+ 
60.Kg1 Rh4 61.f3 Kg6 62.Ra6+ Kf7 63.Kf2 Rh2+ 64.Ke3 Re2+ 65.Kd4 Ne6+ 66.
Kc4 Re3 67.Ra7+ Kf6 68.Ra6 Rxf3 69.Kd5 Re3 70.Ra1 Re5+ 71.Kd6 Re4 72.Rf1+ 
Nf4 73.Kd7 Kg6 74.Ra1 Nd5 75.Kd6 Nf6 76.Ra6 Rxg4 77.Ke7 Re4+ 78.Kd6 Re1 
0-1